| 000 | 01187nas a2200349 4500 | ||
|---|---|---|---|
| 001 | BR2012002177 | ||
| 003 | BR-BrBNA | ||
| 005 | 20231205120340.0 | ||
| 007 | ta | ||
| 008 | 230509b bl.|||p| |||| 00| 00por d | ||
| 040 |
_aBR-BrBNA _bpor _cBiblioteca Nacional de Agricultura |
||
| 041 | _a(Pt) | ||
| 072 | _aF04; F62 | ||
| 100 | 1 | _aDeminicis, B.B. | |
| 100 | 1 | _aVieira, H.D. | |
| 100 | 1 | _aSilva, R.F. da | |
| 100 | 1 | _aAbreu, J.B.R. de | |
| 100 | 1 | _aAraújo, S.A. do C. | |
| 100 | 1 | _aJardim, J.G. | |
| 245 | 1 | _aAdubação nitrogenada, potássica e fosfatada na produção e germinação de sementes de capim quicuio-da-amazônia | |
| 246 | 1 | _aSeed quality and production of Brachiaria humidicola submited to nitrogen, phosphorus and potassium fertilizers rates | |
| 650 | _aBRACHIARIA | ||
| 650 | _aADUBAÇÃO | ||
| 650 | _aFERTILIZANTE NITROGENADO | ||
| 650 | _aFERTILIZANTE POTÁSSICO | ||
| 650 | _aFERTILIZANTE FOSFATADO | ||
| 650 | _aSEMENTE | ||
| 650 | _aGERMINAÇÃO | ||
| 773 | 0 |
_tRevista Brasileira de Sementes (Brazil) _xISSN 0101-3122 _g(Jun 2010), v. 32(2) p. 59-65 _wBR2012002177 |
|
| 909 |
_a202311 _bLúcia _c55 _dLúcia Elande |
||
| 942 |
_2AGRIS _n0 _cANA |
||
| 999 |
_c218065 _d218065 |
||